书目信息 |
| 题名: |
河北旅游
|
|
| 作者: | ;香港文汇报、中国国际旅行社石家庄分社、河北省中国旅行社 编辑 | |
| 分册: | ||
| 出版信息: | 北京 人民出版社 1981 |
|
| 页数: | 64页 | |
| 开本: | 20cm | |
| 丛书名: | ||
| 单 册: | ||
| 中图分类: | K928.922 | |
| 科图分类: | ||
| 主题词: | 地理--中国 | |
| 电子资源: | ||
| ISBN: | ||
| 000 | 00833nam0 2200205 450 | |
| 001 | 0654776140 | |
| 005 | 20060913083916.73 | |
| 010 | @dCNY1.20 | |
| 091 | @a8086.1476 | |
| 100 | @a20060909d1981 km y0chiy0120 ea | |
| 101 | 0 | @achi |
| 102 | @aCN@b110000 | |
| 200 | 1 | @a河北旅游@Ahe bei lu you@f香港文汇报、中国国际旅行社石家庄分社、河北省中国旅行社 编辑@Fxiang gang wen hui bao、zhong guo guo ji lu xing she shi jia zhuang fen she、he bei sheng zhong guo lu xing she bian ji |
| 210 | @a北京@c人民出版社@d1981 | |
| 215 | @a64页@d20cm | |
| 606 | 0 | @a地理@x中国 |
| 690 | @aK928.922@v3 | |
| 711 | 0 | @a香港文汇报、中国国际旅行社石家庄分社、河北省中国旅行社@Axiang gang wen hui bao、zhong guo guo ji lu xing she shi jia zhuang fen she、he bei sheng zhong guo lu xing she@4编辑 |
| 801 | 0 | @aCN@bPFT@c20060913 |
| 905 | @a10447@dK928.922@e341 | |
| 河北旅游/香港文汇报、中国国际旅行社石家庄分社、河北省中国旅行社 编辑.-北京:人民出版社,1981 |
| 64页;20cm |
| ISBN :CNY1.20 |
| ● |
| 相关链接 |
|
|
|
|
正题名:河北旅游
索取号:K928.922/341
 
预约/预借
| 序号 | 登录号 | 条形码 | 馆藏地/架位号 | 状态 | 备注 |
| 1 | 0470479 | 204704793 | 密集书库/ [索取号:K928.922/341] | 在馆 | |
| 2 | 0475087 | 204750876 | 密集书库/ [索取号:K928.922/341] | 在馆 |